| 000 | 00775cab a2200253 4500 | ||
|---|---|---|---|
| 001 | ABS52115 | ||
| 008 | 090401t1995 xxu||||| |||| 00| 0 eng d | ||
| 035 | _a(Sirsi) u61694 | ||
| 041 | _aeng | ||
| 100 | _aWaters, B. | ||
| 245 | _aPractical planning advice | ||
| 260 | _c1995 | ||
| 350 | _a0 | ||
| 490 |
_aArchitects` Journal _v201(4) 26 January 1995, 55(1) |
||
| 520 | _aExplains the new guidance on noise pollution as laid down in PPG24 "Planning and noise" and shows how it can be used to help market a project. | ||
| 650 | _aDOE CIRCULAR 01/1985 | ||
| 650 | _aNOISE POLLUTION | ||
| 650 | _aPLANNING POLICY | ||
| 650 | _aPPG24 | ||
| 690 | _aENVIRONMENTAL AND LAND CONSULTANCY | ||
| 690 | _aPLANNING LAW AND PRACTICE | ||
| 942 | _n0 | ||
| 948 | _c04/03/1997 | ||
| 999 |
_c38263 _d38263 |
||